000 00390nam a2200157Ia 4500
005 20250520013308.0
008 240331s9999 xx 000 0 und d
020 _a9559261134
082 _bPRA
_a302
245 0 _aPrathimana
260 _aColombo
_bWomen's education & Research Centre
_c1999
300 _a126 p .,
650 _aGender Studies
700 _aDe Silva, T.
_eedt
942 _cL
999 _c1469
_d1469